Toutes les communes du canton de Guérande (44) - Statistiques

Statistiques générales
  • Ce quiz a été pris 65 fois
  • Le résultat moyen est 7 sur 10
Réponses sur la Carte
Les réponses sont colorées sur une échelle allant du rouge au vert en fonction du pourcentage des utilisateurs qui les ont devinées à leur premier essai. Vous pouvez retrouver ces pourcentages ci-dessous.
 
Statistiques - réponses
Commune % Correct
Guérande
92%
La Turballe
86%
Herbignac
78%
Piriac-sur-Mer
78%
Saint-Lyphard
70%
Mesquer
68%
Saint-Molf
68%
Assérac
49%
La Chapelle-des-Marais
46%
Saint-Joachim
38%
Aucun quiz correspondant
Distribution des résultats
% des personnes avec chaque résultat
Percentile par nombre de réponses
Votre historique - résultats
Vous n’avez pas pris ce quiz